000 00877nam a2200265 i 4500
001 180819
003 ES-MaACL
005 20250821102025.0
008 120717s1991 sp ao |||| | spa d
020 _a84-7679-199-2
080 _a7.031.18(460.11)
080 _a903.4(460-16)
100 1 _aAcuña Castroviejo, Fernando.
_9151011
245 1 3 _aEl arte castreño del noroeste /
_cpor Fernando Acuña Castroviejo.
260 _aMadrid :
_bHistoria Viva,
_c[1991]
300 _aVIII, 31 p. :
_bil. col. y n. ;
_c24 cm.
490 1 _aCuadernos de arte español ;
_v38
504 _aBibliografía: p. 31.
594 _aEn cub.: Historia 16.
650 _aArte prehistórico-
_zGalicia.
_9151012
650 4 _aCastros-
_zEspaña noroccidental.
_9151013
830 0 0 _aCuadernos de arte español
_v38
_9191338
852 _aES-MaACL
_j2314-F-14
999 _c180819
_d180819